000 00807nmc a2200289 a 4500
003 AR-BaBNM
005 20251128205125.0
008 306019s1996 ||||||||||||||000 | spa||
020 _a950-21-0820-5
040 _cAR-BaBNM
100 1 _aSalvador, Nélida
245 1 0 _aMacedonio Fernández
_bprecursor de la antinovela
260 _aBuenos Aires
_bPlus Ultra
_c1996
300 0 _a125 p.
490 0 _aPerfiles contemporáneos
_vv. 3
504 _aContiene bibliografía en p. 123-125
650 4 _aLITERATURA ARGENTINA
650 4 _aCRITICA LITERARIA
650 4 _aANALISIS LITERARIO
650 4 _aLITERATURA CONTEMPORANEA
650 4 _aSIGLO VEINTE
653 0 _aVANGUARDIAS LITERARIAS
655 _aLITERATURA
800 1 _aIsaacson, José
_edirector
942 _cBK
998 _cisola
999 _c10081
_d10081